[Event "London Classic op"]
[Site "London ENG"]
[Date "2016.12.12"]
[Round "5.20"]
[White "Hebden, Mark"]
[Black "Gedajlovic, Max"]
[Result "1/2-1/2"]
[WhiteElo "2492"]
[BlackElo "2338"]
[PlyCount "71"]
[EventDate "2016.12.09"]
[EventType "swiss"]
[EventRounds "9"]
[EventCountry "ENG"]
[Source "ChessMix"]

1. d4 Nf6 2. Bg5 c6 3. Nf3 d5 4. e3 Bf5 5. Nbd2 Nbd7 6. Bd3 Bg6 7. O-O e6 8.
Ne5 Bxd3 9. cxd3 Be7 10. f4 O-O 11. Qb3 Rb8 12. Ndf3 Nxe5 13. dxe5 Nd7 14. d4
Bxg5 15. Nxg5 h6 16. Nf3 Qb6 17. Qd3 c5 18. b3 Rbc8 19. e4 dxe4 20. Qxe4 cxd4
21. Qxd4 Rfd8 22. Qxb6 Nxb6 23. Rac1 Nd5 24. Rxc8 Rxc8 25. Nd4 a6 26. g3 Rd8
27. Nf3 Nc3 28. Rf2 b5 29. Rc2 Rd1+ 30. Kf2 b4 31. Ke3 Ra1 32. Nd4 Nxa2 33. Ne2
a5 34. Kd4 a4 35. bxa4 Nc3 36. Nxc3 1/2-1/2

[Event "London Classic op"]
[Site "London ENG"]
[Date "2016.12.13"]
[Round "6.20"]
[White "Gedajlovic, Max"]
[Black "Bellaiche, Anthony"]
[Result "1/2-1/2"]
[WhiteElo "2338"]
[BlackElo "2472"]
[PlyCount "79"]
[EventDate "2016.12.09"]
[EventType "swiss"]
[EventRounds "9"]
[EventCountry "ENG"]
[Source "ChessMix"]

1. d4 Nf6 2. Nf3 e6 3. e3 c5 4. Bd3 d5 5. b3 Nc6 6. Bb2 Qc7 7. a3 Bd6 8. dxc5
Bxc5 9. Bxf6 gxf6 10. O-O Bd7 11. Nbd2 Ne5 12. Nxe5 Qxe5 13. Qe2 Rg8 14. Nf3
Qh5 15. Nd4 Qxe2 16. Nxe2 f5 17. b4 Bd6 18. f4 Ke7 19. Nd4 Ba4 20. c3 Rgc8 21.
Rfc1 Rc7 22. Kf2 a6 23. Ke1 Rac8 24. Kd2 b5 25. g3 h6 26. Be2 Kf8 27. h3 Be7
28. g4 fxg4 29. hxg4 Bf6 30. Bd3 Ke7 31. Be2 Kd6 32. Bd3 Bg7 33. Be2 Bh8 34.
Bd3 Ke7 35. Be2 Kf8 36. Bd3 Bg7 37. Be2 Bf6 38. Bd3 Bh8 39. Be2 Bf6 40. Bd3
1/2-1/2

[Event "London Classic op"]
[Site "London ENG"]
[Date "2016.12.14"]
[Round "7.23"]
[White "Hector, Jonny"]
[Black "Gedajlovic, Max"]
[Result "1-0"]
[WhiteElo "2488"]
[BlackElo "2338"]
[PlyCount "69"]
[EventDate "2016.12.09"]
[EventType "swiss"]
[EventRounds "9"]
[EventCountry "ENG"]
[Source "ChessMix"]

1. e4 e6 2. d4 d5 3. Nc3 Nf6 4. Bg5 dxe4 5. Nxe4 Be7 6. Bxf6 gxf6 7. c4 f5 8.
Nc3 Bf6 9. Nge2 Nc6 10. d5 Ne7 11. g3 O-O 12. Bg2 exd5 13. cxd5 Qd6 14. Qc2 a6
15. O-O Bd7 16. Rad1 Rab8 17. Nd4 Qc5 18. Nb3 Qd6 19. Nd2 b5 20. Nb3 Ng6 21.
Ne2 h5 22. Nc5 Bc8 23. Nd4 h4 24. Nxf5 Qe5 25. Nd4 Qh5 26. Bf3 Qh8 27. Nc6 Rb6
28. Rfe1 Kg7 29. d6 hxg3 30. fxg3 Bg4 31. Bxg4 Rxc6 32. Ne6+ fxe6 33. Qxc6 Be5
34. dxc7 Rf2 35. Rd7+ 1-0

[Event "London Classic op"]
[Site "London ENG"]
[Date "2016.12.15"]
[Round "8.38"]
[White "Gedajlovic, Max"]
[Black "Smith, Andrew Philip"]
[Result "1-0"]
[WhiteElo "2338"]
[BlackElo "2136"]
[PlyCount "131"]
[EventDate "2016.12.09"]
[EventType "swiss"]
[EventRounds "9"]
[EventCountry "ENG"]
[Source "ChessMix"]

1. d4 d6 2. Nf3 Bg4 3. e4 Nd7 4. Bd3 e6 5. O-O Ngf6 6. Nbd2 Be7 7. c3 O-O 8. h3
Bxf3 9. Nxf3 c5 10. Bf4 cxd4 11. cxd4 d5 12. e5 Nh5 13. Be3 g6 14. Qd2 Qb6 15.
Bg5 Bb4 16. Qe3 Rfc8 17. g4 Ng7 18. Qf4 Bf8 19. Bh6 Rc7 20. Rac1 Rac8 21. Rxc7
Rxc7 22. Rc1 Nb8 23. Rxc7 Qxc7 24. h4 Nc6 25. h5 Qe7 26. a3 Na5 27. hxg6 fxg6
28. Ng5 Nc6 29. Qf6 Ne8 30. Qxe7 Bxe7 31. Nxe6 Kf7 32. Ng5+ Bxg5 33. Bxg5 Nxd4
34. Kg2 Nc7 35. Be3 Nc6 36. f4 Ke6 37. Kf3 b5 38. Bc5 a6 39. Bd6 Ne8 40. Bc5
Nc7 41. Bf2 Kf7 42. Bg3 Ne6 43. Ke3 Nc5 44. Bc2 Nd7 45. a4 Nb6 46. axb5 Nc4+
47. Kf2 axb5 48. b3 Nd4 49. bxc4 bxc4 50. Bb1 c3 51. f5 gxf5 52. gxf5 c2 53.
Bxc2 Nxc2 54. Kf3 Nd4+ 55. Kg4 Ne2 56. Be1 d4 57. e6+ Ke7 58. Kf3 Nc3 59. Bh4+
Kd6 60. Bg3+ Ke7 61. Be5 Nb5 62. Ke4 h5 63. Bxd4 Nd6+ 64. Kf4 h4 65. Bc5 h3 66.
Bxd6+ 1-0

[Event "London Classic op"]
[Site "London ENG"]
[Date "2016.12.16"]
[Round "9.22"]
[White "Bellahcene, Bilel"]
[Black "Gedajlovic, Max"]
[Result "1-0"]
[WhiteElo "2496"]
[BlackElo "2338"]
[PlyCount "125"]
[EventDate "2016.12.09"]
[EventType "swiss"]
[EventRounds "9"]
[EventCountry "ENG"]
[Source "ChessMix"]

1. d4 Nf6 2. c4 g6 3. Nc3 d5 4. Bf4 Bg7 5. e3 O-O 6. Rc1 Be6 7. c5 Nh5 8. Bg5
b6 9. b4 a5 10. b5 bxc5 11. dxc5 h6 12. Bh4 d4 13. exd4 Qxd4 14. Qxd4 Bxd4 15.
g4 Bxg4 16. Nd5 Nd7 17. Be2 Bxe2 18. Nxe2 Bxc5 19. Bxe7 Bxe7 20. Nxe7+ Kg7 21.
Rxc7 Nhf6 22. Rg1 Rfe8 23. Nf5+ Kh7 24. Nfd4 Rac8 25. Rxc8 Rxc8 26. Rg3 Nb6 27.
Nc6 a4 28. Rd3 Nfd5 29. Nc3 Nc7 30. Rd6 Ne8 31. Rd8 Rxd8 32. Nxd8 Kg7 33. Ke2
Kf6 34. Kd3 Ke7 35. Nc6+ Kd6 36. Kd4 Nc7 37. Ne4+ Ke6 38. Kc5 Nd7+ 39. Kb4 Kd5
40. Nc3+ Kd6 41. Nd8 Ne5 42. Kxa4 Kd7 43. Nb7 Nd3 44. Ne4 Ne6 45. Ka5 f5 46.
Nf6+ Kc7 47. Ka6 Nxf2 48. Ka7 Nd4 49. b6+ Kc8 50. Na5 Nb5+ 51. Ka8 Nc7+ 52. Ka7
Nb5+ 53. Ka6 Nc7+ 54. bxc7 Kxc7 55. Kb5 g5 56. Nc4 h5 57. a4 h4 58. a5 g4 59.
a6 g3 60. Nd5+ Kc8 61. hxg3 h3 62. Kc6 Kb8 63. Kb6 1-0

[Event "Prague Summer op-A"]
[Site "Prague CZE"]
[Date "2016.08.06"]
[Round "2"]
[White "Gedajlovic, Max"]
[Black "Rozycki, Bartlomiej"]
[Result "1-0"]
[WhiteElo "2304"]
[BlackElo "2118"]
[PlyCount "97"]
[EventDate "2016.08.05"]
[EventType "swiss"]
[EventRounds "9"]
[EventCountry "CZE"]
[Source "Chessbase"]
[SourceDate "2016.08.18"]

1. d4 Nf6 2. Nf3 e6 3. e3 b6 4. Bd3 Bb7 5. O-O Be7 6. c4 O-O 7. Nc3 c5 8. d5
exd5 9. cxd5 Nxd5 10. Nxd5 Bxd5 11. Bxh7+ Kxh7 12. Qxd5 Nc6 13. Rd1 Bf6 14. e4
Qc7 15. Qf5+ Kg8 16. Bf4 Qc8 17. e5 Be7 18. Bg5 d5 19. Qxc8 Rfxc8 20. Rxd5 Bxg5
21. Nxg5 Rd8 22. Rad1 Rxd5 23. Rxd5 Nxe5 24. Rxe5 f6 25. Re7 fxg5 26. Kf1 Kh7
27. Ke2 Kg6 28. Rd7 g4 29. b3 Kf6 30. Ke3 g5 31. Kd3 Rb8 32. g3 Rh8 33. Ke2 Kf5
34. Rxa7 Rh6 35. Rb7 Rd6 36. Ke3 Ke5 37. Rb8 Rf6 38. Re8+ Kf5 39. Kd3 b5 40.
Rc8 Rd6+ 41. Kc3 Rd5 42. a4 bxa4 43. bxa4 Ke4 44. a5 Rd3+ 45. Kc4 Ra3 46. Rxc5
Kf3 47. Rf5+ Kg2 48. Kb4 Rd3 49. a6 1-0

[Event "Prague Summer op-A"]
[Site "Prague CZE"]
[Date "2016.08.07"]
[Round "3"]
[White "Horton, Justin"]
[Black "Gedajlovic, Max"]
[Result "0-1"]
[WhiteElo "2059"]
[BlackElo "2304"]
[PlyCount "66"]
[EventDate "2016.08.05"]
[EventType "swiss"]
[EventRounds "9"]
[EventCountry "CZE"]
[Source "Chessbase"]
[SourceDate "2016.08.18"]

1. d4 Nf6 2. Nf3 e6 3. c4 b6 4. g3 Bb7 5. Bg2 g6 6. Nc3 Bg7 7. O-O Ne4 8. Be3
Nxc3 9. bxc3 O-O 10. Qd2 d6 11. Bg5 Qe8 12. Rab1 Nd7 13. Bh6 Rc8 14. Ne1 Bxg2
15. Nxg2 Nf6 16. Bxg7 Kxg7 17. f3 c5 18. d5 e5 19. e4 Qe7 20. a4 Ne8 21. a5
bxa5 22. Rb5 Rc7 23. Rxa5 Rb7 24. Rfa1 Nf6 25. Qa2 Rfb8 26. Rxa7 Rxa7 27. Qxa7
Rb1+ 28. Kf2 Nxe4+ 29. fxe4 Qf6+ 30. Nf4 Rb2+ 31. Kg1 exf4 32. Qa3 Re2 33. Rf1
f3 0-1

[Event "Prague Summer op-A"]
[Site "Prague CZE"]
[Date "2016.08.07"]
[Round "4"]
[White "Kulhanek, Tomas"]
[Black "Gedajlovic, Max"]
[Result "1/2-1/2"]
[WhiteElo "2364"]
[BlackElo "2304"]
[PlyCount "21"]
[EventDate "2016.08.05"]
[EventType "swiss"]
[EventRounds "9"]
[EventCountry "CZE"]
[Source "Chessbase"]
[SourceDate "2016.08.18"]

1. e4 d5 2. exd5 Qxd5 3. Nc3 Qd6 4. d4 c6 5. Nf3 Nf6 6. g3 Bg4 7. Bg2 e6 8. O-O
Be7 9. h3 Bh5 10. Re1 O-O 11. Bf4 1/2-1/2

[Event "Prague Summer op-A"]
[Site "Prague CZE"]
[Date "2016.08.08"]
[Round "5"]
[White "Gedajlovic, Max"]
[Black "Malek, Daniel"]
[Result "1/2-1/2"]
[WhiteElo "2304"]
[BlackElo "2430"]
[PlyCount "124"]
[EventDate "2016.08.05"]
[EventType "swiss"]
[EventRounds "9"]
[EventCountry "CZE"]
[Source "Chessbase"]
[SourceDate "2016.08.18"]

1. d4 Nf6 2. Nf3 g6 3. Nbd2 c5 4. dxc5 Qa5 5. a3 Qxc5 6. b4 Qc7 7. Bb2 Bg7 8.
e3 O-O 9. c4 d6 10. Be2 b6 11. O-O Bb7 12. Qb3 Nbd7 13. Rac1 Rac8 14. Rfd1 Qb8
15. Nd4 Rfd8 16. h3 a6 17. Bf3 Ne5 18. Bxb7 Qxb7 19. N4f3 Nfd7 20. Nd4 Nf6 21.
N4f3 Ned7 22. Qd3 Rc7 23. Rc2 Rdc8 24. Rdc1 Nf8 25. Nb3 Qe4 26. Qxe4 Nxe4 27.
Bxg7 Kxg7 28. Ne1 Ne6 29. f3 Nf6 30. Kf2 Nd7 31. Ke2 Ne5 32. Nd2 g5 33. g3 f5
34. f4 gxf4 35. gxf4 Nd7 36. Ndf3 Kf7 37. Kd3 Nf6 38. Nh4 Ng7 39. Nef3 e6 40.
Nd4 Ne4 41. Nhf3 Nh5 42. Ng5+ Nxg5 43. fxg5 Ng3 44. h4 e5 45. Rg2 exd4 46. Rxg3
dxe3 47. Rf1 Rxc4 48. Rxf5+ Kg7 49. Rxe3 Rc3+ 50. Kd4 Rxe3 51. Kxe3 Rc3+ 52.
Kf4 Rxa3 53. Rd5 Ra4 54. Kg4 Rxb4+ 55. Kh5 h6 56. Rxd6 hxg5 57. hxg5 a5 58.
Rd7+ Kf8 59. g6 Rb1 60. g7+ Kg8 61. Kg6 Rg1+ 62. Kh6 Rh1+ 1/2-1/2

[Event "Prague Summer op-A"]
[Site "Prague CZE"]
[Date "2016.08.09"]
[Round "6"]
[White "Gedajlovic, Max"]
[Black "Domogaev, Sergey"]
[Result "0-1"]
[WhiteElo "2304"]
[BlackElo "2418"]
[PlyCount "98"]
[EventDate "2016.08.05"]
[EventType "swiss"]
[EventRounds "9"]
[EventCountry "CZE"]
[Source "Chessbase"]
[SourceDate "2016.08.18"]

1. d4 Nf6 2. Nf3 g6 3. Nbd2 Bg7 4. e4 d6 5. Bd3 O-O 6. O-O Nc6 7. c3 e5 8. Re1
Nh5 9. Nb3 h6 10. Bb5 Nb8 11. dxe5 dxe5 12. Qxd8 Rxd8 13. Be3 c6 14. Rad1 Re8
15. Be2 Nf4 16. Bxf4 exf4 17. Nfd2 Nd7 18. g3 fxg3 19. hxg3 Nb6 20. Nc5 Nd7 21.
Nd3 h5 22. f4 Nb6 23. e5 f6 24. exf6 Bxf6 25. Bf3 Bf5 26. Ne4 Be7 27. Ne5 Rad8
28. b3 Nd5 29. c4 Nb4 30. Kh2 Kg7 31. a4 Nc2 32. Rxd8 Rxd8 33. Rc1 Nd4 34. Nd2
Bb4 35. Nb1 Nxb3 36. Rg1 Nd2 37. Nxd2 Rxd2+ 38. Kh1 a5 39. g4 hxg4 40. Bxg4 Bc5
41. Rg3 Bc2 42. Bh5 Bf2 43. Rg2 Be3 44. Be2 Bxf4 45. Nf3 Rd7 46. Rg4 Be3 47. c5
Rd5 48. Rc4 Rxc5 49. Nd2 Bxa4 0-1

[Event "Prague Summer op-A"]
[Site "Prague CZE"]
[Date "2016.08.10"]
[Round "7"]
[White "Gomez Dieguez, David"]
[Black "Gedajlovic, Max"]
[Result "1/2-1/2"]
[WhiteElo "2214"]
[BlackElo "2304"]
[PlyCount "69"]
[EventDate "2016.08.05"]
[EventType "swiss"]
[EventRounds "9"]
[EventCountry "CZE"]
[Source "Chessbase"]
[SourceDate "2016.08.18"]

1. e4 e6 2. d4 d5 3. Nc3 Nc6 4. Nf3 Nf6 5. e5 Ne4 6. Bd3 Bb4 7. O-O Nxc3 8.
bxc3 Bxc3 9. Rb1 h6 10. Bb5 Bd7 11. Ba4 Ba5 12. c3 Bb6 13. Bc2 Na5 14. Nd2 c5
15. Nb3 Nxb3 16. Bxb3 cxd4 17. cxd4 Qh4 18. f4 Qe7 19. Bb2 g6 20. Rc1 O-O 21.
Rc3 Bb5 22. Rf2 Kg7 23. Bc2 Rac8 24. Ba3 Qd7 25. Rg3 Rc4 26. Qh5 Rfc8 27. Rxg6+
fxg6 28. Qxg6+ Kh8 29. Qxh6+ Kg8 30. Rf3 Bxd4+ 31. Kh1 Rc3 32. Qg6+ Kh8 33.
Qh6+ Kg8 34. Qg6+ Kh8 35. Qh6+ 1/2-1/2

[Event "Prague Summer op-A"]
[Site "Prague CZE"]
[Date "2016.08.12"]
[Round "9"]
[White "Carlsson, Pontus"]
[Black "Gedajlovic, Max"]
[Result "1/2-1/2"]
[WhiteElo "2435"]
[BlackElo "2304"]
[PlyCount "90"]
[EventDate "2016.08.05"]
[EventType "swiss"]
[EventRounds "9"]
[EventCountry "CZE"]
[Source "Chessbase"]
[SourceDate "2016.08.18"]

1. e4 e6 2. d4 d5 3. Nd2 c5 4. exd5 Qxd5 5. Ngf3 cxd4 6. Bc4 Qd7 7. O-O Nc6 8.
Nb3 Nf6 9. Nbxd4 Nxd4 10. Nxd4 a6 11. Re1 Bc5 12. Be3 Qc7 13. Bg5 Bd7 14. c3
O-O-O 15. Qe2 Rhe8 16. b4 Bb6 17. h3 Ba7 18. Bh4 e5 19. Nb3 Bf5 20. Nc5 Rd6 21.
Rad1 Rc6 22. Qf3 Bc2 23. Rd2 Bxc5 24. Rxc2 Bxf2+ 25. Rxf2 Rxc4 26. Bxf6 gxf6
27. Qxf6 Rxc3 28. Qxf7 Qxf7 29. Rxf7 Rc7 30. Ref1 Ree7 31. Rxe7 Rxe7 32. Rf6
Rd7 33. Re6 Rd4 34. Rxe5 Rxb4 35. g4 Rb2 36. g5 Kd7 37. Rf5 Rxa2 38. Rf7+ Ke6
39. Rxb7 Kf5 40. h4 Kg6 41. Rb6+ Kg7 42. h5 Ra5 43. h6+ Kf7 44. Rf6+ Kg8 45.
Kh2 Rxg5 1/2-1/2

[Event "Sitges op"]
[Site "Sitges ESP"]
[Date "2016.07.24"]
[Round "3.9"]
[White "Oliva, K."]
[Black "Gedajlovic, Max"]
[Result "1-0"]
[WhiteElo "2493"]
[BlackElo "2302"]
[PlyCount "101"]
[EventDate "2016.07.22"]
[EventType "swiss"]
[EventRounds "9"]
[EventCountry "ESP"]
[Source "Mark Crowther"]
[SourceDate "2016.07.25"]

1. Nf3 Nf6 2. c4 e6 3. g3 b6 4. Bg2 Bb7 5. O-O c5 6. Nc3 Be7 7. Re1 d5 8. cxd5
Nxd5 9. e4 Nb4 10. d4 cxd4 11. Nxd4 N8c6 12. Nxc6 Qxd1 13. Rxd1 Bxc6 14. a3 Nc2
15. Rb1 Rd8 16. Rxd8+ Bxd8 17. Bf4 Nd4 18. Rd1 Nb5 19. e5 Bxg2 20. Nxb5 Bf3 21.
Rd3 Bd5 22. Nxa7 O-O 23. Nc8 b5 24. Be3 Bf6 25. Nb6 Bxe5 26. Nd7 Bxb2 27. Nxf8
Kxf8 28. Bd4 Bxd4 29. Rxd4 Ke7 30. Rb4 Bc6 31. f4 Kd6 32. Kf2 Kc5 33. Ke3 Bd5
34. Rb1 Kc4 35. g4 h6 36. h4 Kc5 37. h5 f6 38. g5 Kc4 39. Rc1+ Kb3 40. Rc7 e5
41. fxe5 fxg5 42. Rxg7 Kxa3 43. Rg6 b4 44. Ra6+ Kb2 45. Rxh6 b3 46. Rb6 Kc3 47.
h6 Bg8 48. e6 b2 49. e7 Bb3 50. Rxb3+ Kxb3 51. e8=Q 1-0

[Event "Sitges op"]
[Site "Sitges ESP"]
[Date "2016.07.26"]
[Round "5.7"]
[White "Forcen Esteban, Daniel"]
[Black "Gedajlovic, Max"]
[Result "1/2-1/2"]
[WhiteElo "2565"]
[BlackElo "2302"]
[PlyCount "172"]
[EventDate "2016.07.22"]
[EventType "swiss"]
[EventRounds "9"]
[EventCountry "ESP"]
[Source "Mark Crowther"]
[SourceDate "2016.08.01"]

1. e4 e6 2. d4 d5 3. Nc3 h6 4. Be3 Bb4 5. exd5 exd5 6. a3 Bxc3+ 7. bxc3 Ne7 8.
Bd3 Bf5 9. Qf3 Qd7 10. h3 O-O 11. Ne2 Bxd3 12. cxd3 Qf5 13. Qxf5 Nxf5 14. Bf4
c6 15. h4 h5 16. f3 Re8 17. Kd2 Nd7 18. g4 Ne7 19. gxh5 Nf5 20. Rag1 Kh7 21.
Rg5 Nh6 22. Rhg1 Rg8 23. Rb1 b6 24. c4 Nf6 25. Rbg1 Rad8 26. a4 Rd7 27. Be3 Ne8
28. cxd5 cxd5 29. Bf4 f6 30. Rg6 Nf5 31. R6g4 Nc7 32. Rc1 Ne6 33. Bh2 Nh6 34.
Rg6 Nf5 35. Rg4 Nh6 36. Rg2 Nf5 37. Bg1 Nxh4 38. Rg3 Ng5 39. Rf1 Rc8 40. f4 Nf7
41. Rh3 Nf5 42. Rc1 Rxc1 43. Kxc1 Nd8 44. Rh1 Ne6 45. Kd2 Kh6 46. Be3 Rc7 47.
Rh3 a6 48. Bf2 Rd7 49. Kc3 b5 50. axb5 axb5 51. Kb4 Rc7 52. Nc3 Rd7 53. Ne2 Ra7
54. Kxb5 Ra2 55. Ng3 Nxg3 56. Bxg3 Rc2 57. Kb6 Nxd4 58. Be1 Ne6 59. Rh4 Re2 60.
Bb4 Rb2 61. Ka5 Rb3 62. f5 Nd8 63. Bd2+ Kh7 64. Rh3 Nf7 65. Bf4 d4 66. Ka4 Rb7
67. Rh4 Rd7 68. Kb4 Ne5 69. Bxe5 fxe5 70. Re4 Rd5 71. Kc4 Ra5 72. Rg4 Ra3 73.
Rg6 Rc3+ 74. Kd5 Rxd3 75. h6 gxh6 76. Rd6 Ra3 77. Ke6 Ra7 78. Kxe5 Kg7 79. Rg6+
Kf7 80. Rxh6 Re7+ 81. Kf4 Re1 82. Rd6 Rd1 83. Ke5 Re1+ 84. Kxd4 Rd1+ 85. Ke5
Rxd6 86. Kxd6 Kf6 1/2-1/2

[Event "Sitges op"]
[Site "Sitges ESP"]
[Date "2016.07.27"]
[Round "6.7"]
[White "Gedajlovic, Max"]
[Black "Cruz, Cristhian"]
[Result "1-0"]
[WhiteElo "2302"]
[BlackElo "2541"]
[PlyCount "67"]
[EventDate "2016.07.22"]
[EventType "swiss"]
[EventRounds "9"]
[EventCountry "ESP"]
[Source "Mark Crowther"]
[SourceDate "2016.08.01"]

1. d4 Nf6 2. Nf3 d6 3. c4 Nbd7 4. Nc3 e5 5. e4 Be7 6. Be2 O-O 7. O-O c6 8. Qc2
a6 9. Rd1 Qc7 10. h3 b5 11. a3 Re8 12. Be3 Bb7 13. Rac1 Rac8 14. Qb1 Qb8 15. b4
exd4 16. Bxd4 Bf8 17. Bd3 h6 18. Re1 Rcd8 19. a4 bxa4 20. Nxa4 c5 21. bxc5 dxc5
22. Bb2 Nh5 23. Nc3 Nf4 24. Bf1 f5 25. Rcd1 fxe4 26. Nxe4 Qa8 27. Neg5 g6 28.
Rxe8 Rxe8 29. Rxd7 hxg5 30. Nxg5 Re7 31. Rd6 Qe8 32. Bf6 Rd7 33. Rxd7 Qxd7 34.
Be5 1-0

[Event "Sitges op"]
[Site "Sitges ESP"]
[Date "2016.07.28"]
[Round "7.6"]
[White "Himanshu, Sharma"]
[Black "Gedajlovic, Max"]
[Result "1-0"]
[WhiteElo "2389"]
[BlackElo "2302"]
[PlyCount "83"]
[EventDate "2016.07.22"]
[EventType "swiss"]
[EventRounds "9"]
[EventCountry "ESP"]
[Source "Mark Crowther"]
[SourceDate "2016.08.01"]

1. e4 e6 2. d4 d5 3. Nd2 a6 4. Bd3 c5 5. dxc5 Bxc5 6. Ngf3 Nf6 7. O-O dxe4 8.
Nxe4 Nxe4 9. Bxe4 Qxd1 10. Rxd1 Nd7 11. Nd4 Be7 12. Nb3 f5 13. Bd3 Nc5 14. Be2
Nxb3 15. axb3 e5 16. Ra5 Bf6 17. b4 b6 18. Ra2 Be7 19. Be3 Bxb4 20. Bxb6 Bb7
21. c3 Be7 22. Ra5 Bf6 23. Bc7 O-O 24. Bxe5 Bxe5 25. Rxe5 Rae8 26. Bc4+ Kh8 27.
Rxe8 Rxe8 28. f4 g6 29. Rd7 Rb8 30. b4 Rc8 31. Be6 Re8 32. Bf7 Rb8 33. Kf2 Be4
34. Bd5 Rc8 35. c4 Bc2 36. c5 Ba4 37. Ra7 Bb5 38. Ke3 Rd8 39. Ra8 Rxa8 40. Bxa8
a5 41. bxa5 Ba6 42. c6 1-0

[Event "Barbera op"]
[Site "Barbera del Valles ESP"]
[Date "2016.07.04"]
[Round "1.35"]
[White "Darnell, Anton"]
[Black "Gedajlovic, Max"]
[Result "0-1"]
[WhiteElo "1971"]
[BlackElo "2302"]
[PlyCount "64"]
[EventDate "2016.07.04"]
[EventType "swiss"]
[EventRounds "9"]
[EventCountry "ESP"]
[Source "Mark Crowther"]
[SourceDate "2016.07.11"]

1. d4 Nf6 2. c4 g6 3. Nc3 d5 4. Nf3 Bg7 5. cxd5 Nxd5 6. Na4 O-O 7. e4 Nb6 8.
Be3 f5 9. exf5 Bxf5 10. Nc5 Bc8 11. Ne5 Nd5 12. Bg5 Rf5 13. Nf3 Qd6 14. Bd3 Rf8
15. O-O Nc6 16. Ne4 Qb4 17. Qb3 Qxb3 18. axb3 Nxd4 19. Nxd4 Bxd4 20. Bc4 e6 21.
Rad1 Bxb2 22. Bxd5 exd5 23. Rxd5 b6 24. Rd2 Be5 25. f4 Ba6 26. Rf3 Bg7 27. g3
Bb5 28. Nc3 Bc6 29. Nd5 Bxd5 30. Rxd5 Rae8 31. Rd7 h6 32. Bh4 g5 0-1

[Event "Barbera op"]
[Site "Barbera del Valles ESP"]
[Date "2016.07.05"]
[Round "2.9"]
[White "Gedajlovic, Max"]
[Black "Prasanna, Raghuram Rao"]
[Result "0-1"]
[WhiteElo "2302"]
[BlackElo "2475"]
[PlyCount "132"]
[EventDate "2016.07.04"]
[EventType "swiss"]
[EventRounds "9"]
[EventCountry "ESP"]
[Source "Chess Mix"]

1. d4 Nf6 2. c4 e6 3. Nf3 d5 4. g3 dxc4 5. Bg2 c5 6. O-O Nc6 7. dxc5 Qxd1 8.
Rxd1 Bxc5 9. Nbd2 c3 10. bxc3 Bd7 11. Nb3 Be7 12. c4 O-O 13. Bb2 Rfd8 14. Ne5
Rac8 15. Nxc6 Bxc6 16. Bxc6 Rxc6 17. Na5 Rxd1+ 18. Rxd1 Ra6 19. Nxb7 Rxa2 20.
Bd4 Rxe2 21. Bxa7 Rc2 22. Na5 Ne4 23. Be3 h6 24. Rc1 Ra2 25. Nb3 Rb2 26. Nd4
Bc5 27. Nc2 Nc3 28. Kf1 Na2 29. Ra1 Rxc2 30. Bxc5 Rxc4 31. Rxa2 Rxc5 32. h4 Kh7
33. Kg2 Kg6 34. Ra7 Kf6 35. Rb7 Rf5 36. Ra7 Re5 37. Rb7 Kg6 38. Ra7 f5 39. Kf3
Rb5 40. Rc7 Rb3+ 41. Kg2 Kf6 42. f4 g5 43. hxg5+ hxg5 44. Rc6 Rb2+ 45. Kf1 gxf4
46. gxf4 Rb4 47. Ke2 Rxf4 48. Ke3 Ra4 49. Rb6 f4+ 50. Kf3 Kf5 51. Rb8 Ra3+ 52.
Kf2 e5 53. Rb5 Re3 54. Rb8 Rd3 55. Re8 Ke4 56. Re7 Rd2+ 57. Ke1 Ra2 58. Re8 Kd4
59. Kf1 e4 60. Rb8 f3 61. Rb3 Ke5 62. Rb8 Kd4 63. Rb3 Rc2 64. Ra3 e3 65. Kg1
Rc1+ 66. Kh2 f2 0-1

[Event "Barbera op"]
[Site "Barbera del Valles ESP"]
[Date "2016.07.06"]
[Round "3.28"]
[White "Dardha, Daniel"]
[Black "Gedajlovic, Max"]
[Result "0-1"]
[WhiteElo "2067"]
[BlackElo "2302"]
[PlyCount "60"]
[EventDate "2016.07.04"]
[EventType "swiss"]
[EventRounds "9"]
[EventCountry "ESP"]
[Source "Mark Crowther"]
[SourceDate "2016.07.11"]

1. Nf3 d5 2. c4 d4 3. b4 g6 4. Bb2 Bg7 5. e3 e5 6. exd4 exd4 7. d3 Ne7 8. g3
O-O 9. Bg2 Nec6 10. a3 Re8+ 11. Kf1 a5 12. b5 Ne5 13. Nxe5 Bxe5 14. Nd2 Nd7 15.
a4 Bg7 16. h3 h5 17. Bf3 h4 18. g4 Ne5 19. Be2 b6 20. Nf3 Bb7 21. Kg2 Qd7 22.
Kh2 Nxg4+ 23. hxg4 Qxg4 24. Rg1 Qf4+ 25. Kg2 h3+ 26. Kxh3 Rxe2 27. Qxe2 Bxf3
28. Qe7 Qf5+ 29. Kg3 Be5+ 30. Qxe5 Qg4+ 0-1

[Event "Barbera op"]
[Site "Barbera del Valles ESP"]
[Date "2016.07.08"]
[Round "5.12"]
[White "Shyam, Sundar M"]
[Black "Gedajlovic, Max"]
[Result "1-0"]
[WhiteElo "2526"]
[BlackElo "2302"]
[PlyCount "87"]
[EventDate "2016.07.04"]
[EventType "swiss"]
[EventRounds "9"]
[EventCountry "ESP"]
[Source "Chess Mix"]

1. e4 e6 2. d4 d5 3. e5 c5 4. c3 Nc6 5. Nf3 Qb6 6. a3 f6 7. Bd3 Bd7 8. O-O c4
9. Bc2 O-O-O 10. Nbd2 Qc7 11. Qe2 Nh6 12. b3 cxb3 13. Nxb3 Nf7 14. exf6 gxf6
15. c4 dxc4 16. Qxc4 Bd6 17. Bd2 Ne7 18. Qe2 Rdg8 19. Rfc1 Bc6 20. Be4 Kd7 21.
Bb4 Nd8 22. Rab1 Ke8 23. d5 exd5 24. Bxd5 Rg7 25. Nbd4 Bxb4 26. axb4 Qd7 27.
Nxc6 bxc6 28. Bb3 Kf8 29. g3 Nd5 30. Qc4 Rg4 31. Qc5+ Kg7 32. Ra1 Nxb4 33. Re1
Nd5 34. Rxa7 Nb7 35. Rxb7 Qxb7 36. Bxd5 Kh6 37. Bxc6 Qb4 38. Qf5 Rhg8 39. Be4
R4g6 40. Qh3+ Kg7 41. Bxg6 hxg6 42. Qe6 Rf8 43. h4 Qc3 44. Qd5 1-0

[Event "Barbera op"]
[Site "Barbera del Valles ESP"]
[Date "2016.07.09"]
[Round "6.21"]
[White "Gedajlovic, Max"]
[Black "Parnali, S Dharia"]
[Result "1/2-1/2"]
[WhiteElo "2302"]
[BlackElo "2161"]
[PlyCount "102"]
[EventDate "2016.07.04"]
[EventType "swiss"]
[EventRounds "9"]
[EventCountry "ESP"]
[Source "Chess Mix"]

1. d4 d5 2. c4 e6 3. Nc3 Nf6 4. cxd5 exd5 5. Bg5 Be7 6. e3 O-O 7. Qc2 Re8 8.
Bd3 h6 9. Bf4 c5 10. Bb5 Bd7 11. Bxd7 Nbxd7 12. Nge2 Rc8 13. O-O cxd4 14. Nxd4
Ne4 15. Rfd1 Nxc3 16. bxc3 Qa5 17. Qb3 Nb6 18. Rac1 Rc4 19. Nf5 Bf8 20. Rd4
Rec8 21. Rxc4 dxc4 22. Qc2 Nd5 23. Bd6 Nxc3 24. Bxf8 Kxf8 25. Nd4 Na4 26. Qh7
Rc5 27. Qh8+ Ke7 28. Qxg7 Qd2 29. Rb1 b6 30. Qxh6 c3 31. Qh4+ Ke8 32. Nb3 Qd3
33. Rc1 Rc4 34. Qh8+ Ke7 35. Qe5+ Kf8 36. Qh8+ Ke7 37. Qe5+ Kf8 38. Nd4 c2 39.
Qd6+ Kg8 40. Qd8+ Kh7 41. Qh4+ Kg8 42. Qg5+ Kh7 43. Qh5+ Kg8 44. h4 Rxd4 45.
exd4 Nc3 46. Kh2 Ne2 47. Qg4+ Kh7 48. Qh5+ Kg7 49. Qg5+ Kh7 50. Qh5+ Kg7 51.
Qg5+ Kh7 1/2-1/2

[Event "Barbera op"]
[Site "Barbera del Valles ESP"]
[Date "2016.07.10"]
[Round "7.21"]
[White "Villar Reymundo, Juan Antonio"]
[Black "Gedajlovic, Max"]
[Result "0-1"]
[WhiteElo "2165"]
[BlackElo "2302"]
[PlyCount "58"]
[EventDate "2016.07.04"]
[EventType "swiss"]
[EventRounds "9"]
[EventCountry "ESP"]
[Source "Chess Mix"]

1. d4 Nf6 2. c4 e6 3. g3 d5 4. Nf3 Bb4+ 5. Bd2 Be7 6. Bg2 O-O 7. O-O c6 8. Qc2
Nbd7 9. Bf4 b6 10. Rd1 Ba6 11. b3 Rc8 12. Nbd2 c5 13. dxc5 Bxc5 14. e3 Qe7 15.
Ne5 g5 16. Nxd7 Nxd7 17. b4 Bxb4 18. Qa4 Bxd2 19. Qxa6 Bb4 20. Bxg5 Qxg5 21.
cxd5 Nf6 22. dxe6 fxe6 23. Qxa7 Bc5 24. h3 h5 25. Qa4 Qe5 26. Qc2 Rc7 27. Qa4
Nd5 28. Qb3 Nc3 29. Re1 Ne2+ 0-1